[Event "FRA-chT2 East 0809"]
[Site "France"]
[Date "2009.02.08"]
[Round "7.6"]
[White "Pozuelo, Jose"]
[Black "Didier, Quentin"]
[Result "1/2-1/2"]
[WhiteElo "2079"]
[BlackElo "2048"]
[PlyCount "62"]
[EventDate "2008.10.19"]
[EventType "team-tourn"]
[EventRounds "11"]
[EventCountry "FRA"]
[SourceTitle "EXT 2010"]
[Source "ChessBase"]
[SourceDate "2010.11.25"]
[SourceVersion "1"]
[SourceVersionDate "2010.11.25"]
[SourceQuality "1"]
[WhiteTeam "Strasbourg II"]
[BlackTeam "Bischwiller II"]
[WhiteTeamCountry "FRA"]
[BlackTeamCountry "FRA"]

1. Nf3 Nf6 2. g3 c5 3. Bg2 Nc6 4. c4 d5 5. cxd5 Nxd5 6. 0-0 Nc7 7. d3 g6 8. Nc3 Bg7 9. Be3 Ne6 10. Rc1 Bd7 11. Qd2 0-0 12. Bh6 Ned4 13. Bxg7 Kxg7 14. Nxd4 cxd4 15. Ne4 Rc8 16. Nc5 b6 17. Nxd7 Qxd7 18. Rc2 e5 19. Bxc6 Rxc6 20. Rxc6 Qxc6 21. Rc1 Qe6 22. b3 Rc8 23. Rc2 Rxc2 24. Qxc2 Qd5 25. Qc4 Qa5 26. Qc2 Qc3 27. Qd1 Qb2 28. a4 Kf6 29. e3 dxe3 30. fxe3 Ke7 31. h4 Kd6 1/2-1/2

[Event "FRA-chT2b 0304"]
[Site "France"]
[Date "2004.03.14"]
[Round "9"]
[White "Guth, Noel"]
[Black "Didier, Quentin"]
[Result "1/2-1/2"]
[WhiteElo "2103"]
[BlackElo "2089"]
[PlyCount "120"]
[EventDate "2003.10.??"]
[EventType "team"]
[EventRounds "11"]
[EventCountry "FRA"]
[SourceTitle "EXT 2005"]
[Source "ChessBase"]
[SourceDate "2004.11.15"]
[SourceVersion "1"]
[SourceVersionDate "2004.11.15"]
[SourceQuality "1"]

1. c4 e6 2. Nf3 Nf6 3. e3 d5 4. b3 c5 5. Bb2 Nc6 6. cxd5 Nxd5 7. Be2 f6 8. 0-0 Bd6 9. Nc3 Bc7 10. Ne4 Qe7 11. Rc1 Bb6 12. a3 0-0 13. Qc2 Na5 14. Bd1 Bd7 15. Nxc5 Bb5 16. Re1 Rac8 17. d4 Bxc5 18. dxc5 b6 19. b4 Nb7 20. Nd4 Be8 21. c6 b5 22. Qd3 Nd6 23. Nxb5 Nxb5 24. Qxb5 Qd6 25. Qd3 Rxc6 26. Rxc6 Qxc6 27. Bf3 Bg6 28. Qd4 a6 29. Rc1 Qb7 30. Rc5 Bf7 31. Qd3 Rc8 32. Qc4 Rxc5 33. Qxc5 Qc7 34. Bxd5 Qxc5 35. bxc5 exd5 36. Kf1 Kf8 37. Ke2 Ke8 38. Kd3 Kd7 39. Kc3 Kc6 40. Kb4 Bg6 41. Bd4 Bd3 42. g4 Be2 43. h3 Bf3 44. Ka5 Be2 45. f4 g6 46. Bxf6 Kxc5 47. Bd4+ Kd6 48. Kb6 Ke6 49. a4 Bf1 50. h4 Be2 51. a5 Bd3 52. Kc5 Be2 53. Kb6 Bd3 54. h5 Be2 55. h6 Bd3 56. Kc6 Be4 57. Kc5 Bf3 58. Kb6 Be2 59. Kb7 Bd3 60. Kc6 Be4 1/2-1/2

[Event "FRA-chT U20 0203"]
[Site "Clichy"]
[Date "2003.05.02"]
[Round "8.2"]
[White "Verot, Melanie"]
[Black "Didier, Quentin"]
[Result "0-1"]
[WhiteElo "2092"]
[BlackElo "2093"]
[PlyCount "88"]
[EventDate "2002.12.??"]
[EventType "team"]
[EventRounds "11"]
[EventCountry "FRA"]
[SourceTitle "EXT 2004"]
[Source "ChessBase"]
[SourceDate "2003.11.25"]
[SourceVersion "1"]
[SourceVersionDate "2003.11.25"]
[SourceQuality "1"]
[WhiteTeam "Cannes"]
[BlackTeam "Bischwiller"]
[WhiteTeamCountry "FRA"]
[BlackTeamCountry "FRA"]

1. e4 c5 2. Nf3 d6 3. d4 cxd4 4. Nxd4 Nf6 5. Nc3 a6 6. Bg5 e6 7. f4 b5 8. Qf3 Bb7 9. Bd3 Nbd7 10. 0-0-0 Qb6 11. Bxf6 Nxf6 12. Rhe1 Be7 13. Qh3 b4 14. Nb1 Nd7 15. Bc4 Rc8 16. Bb3 Nc5 17. Nd2 Nxb3+ 18. N4xb3 a5 19. Qh5 a4 20. Qa5 Qxa5 21. Nxa5 Ba6 22. b3 axb3 23. axb3 0-0 24. Ndc4 Rfd8 25. g4 Rc5 26. Kb2 Kf8 27. Ra1 Rdc8 28. Ra4 d5 29. exd5 exd5 30. Nb6 Rxc2+ 31. Kb1 Bd3 32. Nxc8 Rxc8+ 33. Ka1 Bf6+ 34. Re5 g5 35. Ka2 gxf4 36. Rxd5 Rc2+ 37. Kb1 Be4 38. Nc4 Rxc4+ 39. Ka2 Rc2+ 40. Kb1 Rb2+ 41. Kc1 Rb1+ 42. Kd2 Bxd5 43. Rxb4 Rxb3 44. Ra4 f3 0-1

[Event "FRA-chT U20 0203"]
[Site "Clichy"]
[Date "2003.01.03"]
[Round "4.2"]
[White "Sat, Laurent"]
[Black "Didier, Quentin"]
[Result "0-1"]
[WhiteElo "1910"]
[BlackElo "2093"]
[PlyCount "69"]
[EventDate "2002.12.??"]
[EventType "team"]
[EventRounds "11"]
[EventCountry "FRA"]
[SourceTitle "EXT 2004"]
[Source "ChessBase"]
[SourceDate "2003.11.25"]
[SourceVersion "1"]
[SourceVersionDate "2003.11.25"]
[SourceQuality "1"]
[WhiteTeam "Neuilly"]
[BlackTeam "Bischwiller"]
[WhiteTeamCountry "FRA"]
[BlackTeamCountry "FRA"]

1. c4 c5 2. Nc3 Nf6 3. Nf3 d5 4. e3 d4 5. Ne2 Nc6 6. d3 Bg4 7. Ng3 dxe3 8. fxe3 h5 9. h4 Qd6 10. Ne2 Rd8 11. Qb3 Rd7 12. Bd2 Bxf3 13. gxf3 Ne5 14. Nf4 Nxf3+ 15. Ke2 Nxd2 16. Kxd2 e5 17. Bh3 Rd8 18. Qb5+ Qc6 19. Qxc6+ bxc6 20. Ne2 Ne4+ 21. Kc2 Nf2 22. Rhf1 Nxd3 23. a3 Nxb2 24. Kxb2 Rd2+ 25. Kc3 Rxe2 26. Kd3 Rh2 27. Rf3 Be7 28. Raf1 Bxh4 29. Rxf7 Rxh3 30. Rxa7 Rh6 31. a4 e4+ 32. Kxe4 Re6+ 33. Kd3 Rexe3+ 34. Kd2 Rd3+ 35. Kc2 0-1